01141nam a2200253 a 450000100100000000500170001000800410002704000250006824501030009326000720019630000380026849000550030650000320036150000730039350400290046659000260049570000350052170000450055670000300060171000720063183000620070395201050076599900170087000004110920201002034627.0130918s2005 sp a 000 0 spa d aDO-SdBNPbspacBNPHU04aLos almohades: problemas y perspectivas /ceditores Patrice Cressier, Maribel Fierro, Luis Molina. aMadrid :bConsejo Superior de Investigaciones Científicas,c2005. aV.: p. 410-1230. :bil. ;c24 cm.1 aEstudios Árabes e Islámicos. Monografíasv11 aLa biblioteca posee el v. 1 aIncluye referencias bibliográficas y notas al pie de las páginas aBibliografía 402-406 : aInventariado, 2019/VM1 aCressier, Patrice,eed.9676521 aFierro Bello, María Isabel,eed.915931 aMolina, Luis,eed.9621172 aConsejo Superior de Investigaciones Científicas (España)915178 0aEstudios Árabes e Islámicos. Monografíasv11967653 001050718MOaGRbGRcHDd2013-09-18iLF1l0o p41109-10r2020-06-25w2020-06-25y1ZNo se presta c40599d40599